[Event "Toronto NAYCC U08 Girls"]
[Site "Toronto"]
[Date "2013.08.16"]
[Round "5"]
[White "Gorti, Atmika"]
[Black "Matus, Nastassja A"]
[Result "0-1"]
[WhiteElo "659"]
[BlackElo "1352"]
[PlyCount "66"]
[EventDate "2013.08.14"]
[EventType "swiss"]
[EventRounds "9"]
[EventCountry "CAN"]
[SourceTitle "EXT 2022"]
[Source "ChessBase"]
[SourceDate "2021.10.06"]
[SourceVersion "1"]
[SourceVersionDate "2021.10.06"]
[SourceQuality "1"]

1. e4 c5 2. Nf3 Nc6 3. d4 cxd4 4. Nxd4 e5 5. Nf3 Nf6 6. Nc3 Bb4 7. Bg5 0-0 8. a3 Be7 9. Bb5 Qc7 10. 0-0 a6 11. Ba4 b5 12. Bb3 Bb7 13. Nd5 Qd8 14. Qd2 Nxe4 15. Nxe7+ Nxe7 16. Qe3 d6 17. Qe2 Nxg5 18. Nxg5 Nd5 19. Ne4 Nf4 20. Qe3 Qc7 21. Rad1 d5 22. Ng3 Nxg2 23. Qc3 Qxc3 24. bxc3 Nf4 25. Rfe1 Rfe8 26. Nf5 Rad8 27. Ne3 Re6 28. c4 Rg6+ 29. Kf1 d4 30. c5 Rd7 31. c4 dxe3 32. Rxd7 Bg2+ 33. Kg1 Nh3# 0-1

[Event "Toronto NAYCC U08 Girls"]
[Site "Toronto"]
[Date "2013.08.15"]
[Round "3"]
[White "Gorti, Atmika"]
[Black "Zhang, Wendy"]
[Result "1-0"]
[WhiteElo "659"]
[BlackElo "366"]
[PlyCount "37"]
[EventDate "2013.08.14"]
[EventType "swiss"]
[EventRounds "9"]
[EventCountry "CAN"]
[SourceTitle "EXT 2022"]
[Source "ChessBase"]
[SourceDate "2021.10.06"]
[SourceVersion "1"]
[SourceVersionDate "2021.10.06"]
[SourceQuality "1"]

1. e4 e5 2. Nf3 Nc6 3. Bb5 a6 4. Ba4 b5 5. Bb3 Nf6 6. Nc3 Bc5 7. d3 0-0 8. Bg5 h6 9. Bh4 Qe7 10. Nd5 Qd6 11. Nxf6+ Kh8 12. Nd5 Bb4+ 13. Nxb4 Nxb4 14. 0-0 Qg6 15. Nxe5 Qh5 16. Qxh5 g6 17. Qxh6+ Kg8 18. Qxg6+ Kh8 19. Bf6# 1-0